000 01541nam a2200373Ia 4500
001 ebr10575411
003 CaPaEBR
006 m u
007 cr cn|||||||||
008 091201s2010 ilu sb 001 0 eng d
010 _z 2009049923
020 _z0809329700
020 _z9780809329700 (pbk. : alk. paper)
020 _z9780809385690
040 _aCaPaEBR
_cCaPaEBR
035 _a(OCoLC)793206727
050 1 4 _aPS3521.E735
_bO534 2010eb
082 0 4 _a813/.54
_222
100 1 _aHunt, Tim,
_d1949-
245 1 0 _aKerouac's crooked road
_h[electronic resource] :
_bthe development of a fiction /
_cTim Hunt ; with a foreword by Ann Charters and a new preface.
250 _aSIU Press ed.
260 _aCarbondale :
_bSouthern Illinois University Press,
_c2010.
300 _alx, 262 p.
500 _aOriginally published: Hamden, Conn. : Archon Books, 1981. With new preface.
504 _aIncludes bibliographical references and index.
533 _aElectronic reproduction.
_bPalo Alto, Calif. :
_cebrary,
_d2011.
_nAvailable via World Wide Web.
_nAccess may be limited to ebrary affiliated libraries.
600 1 0 _aKerouac, Jack,
_d1922-1969.
_tOn the road.
650 0 _aAutobiographical fiction, American
_xHistory and criticism.
650 0 _aBeat generation in literature.
655 7 _aElectronic books.
_2local
700 1 _aCharters, Ann.
710 2 _aebrary, Inc.
856 4 0 _uhttp://site.ebrary.com/lib/rucke/Doc?id=10575411
_zAn electronic book accessible through the World Wide Web; click to view
999 _c78092
_d78092